[Event "ENG-ch Seniors 65"]
[Site "Solihull"]
[Date "2019.04.06"]
[Round "4"]
[White "Charnley, Bernard J"]
[Black "Tarbuck, David"]
[Result "1/2-1/2"]
[WhiteElo "1873"]
[BlackElo "2001"]
[PlyCount "115"]
[EventDate "2019.04.04"]
[EventType "swiss"]
[EventRounds "6"]
[EventCountry "ENG"]
[SourceTitle "CBM 190 Extra"]
[Source "ChessBase"]
[SourceDate "2019.07.15"]
[SourceVersion "1"]
[SourceVersionDate "2019.07.15"]
[SourceQuality "1"]

1. e4 c5 2. Nc3 Nc6 3. g3 g6 4. Bg2 Bg7 5. d3 e6 6. Be3 d6 7. Qd2 Nge7 8. Bh6 0-0 9. h4 Bxh6 10. Qxh6 Kh8 11. h5 Ng8 12. Qd2 g5 13. h6 Bd7 14. 0-0-0 Rb8 15. f4 gxf4 16. gxf4 b5 17. Nf3 Nce7 18. f5 exf5 19. Nd5 Nxd5 20. exd5 Qf6 21. Rdf1 Ne7 22. Nh4 Rg8 23. Qf4 Ng6 24. Nxg6+ fxg6 25. Re1 Rge8 26. c3 g5 27. Qd2 g4 28. Rxe8+ Rxe8 29. Rf1 Qe5 30. Qg5 Qe3+ 31. Qxe3 Rxe3 32. Kd2 Rg3 33. Be4 Rh3 34. Bxf5 Bxf5 35. Rxf5 Rxh6 36. Rg5 Rg6 37. Rxg6 hxg6 38. Ke3 Kg7 39. Kf4 Kf6 40. Kxg4 g5 41. c4 bxc4 42. dxc4 a5 43. b3 Kg6 44. Kf3 Kf5 45. Kg3 g4 46. Kg2 Kf4 47. Kf2 g3+ 48. Kg2 Kg4 49. Kg1 Kf3 50. Kf1 Ke3 51. Kg2 Kd4 52. Kxg3 a4 53. Kf4 axb3 54. axb3 Kc3 55. Kf5 Kxb3 56. Ke6 Kxc4 57. Kxd6 Kb4 58. Ke7 1/2-1/2

[Event "ENG-ch Seniors 65"]
[Site "Solihull"]
[Date "2019.04.05"]
[Round "2"]
[White "Price, Andrew"]
[Black "Tarbuck, David"]
[Result "1/2-1/2"]
[WhiteElo "1767"]
[BlackElo "2001"]
[PlyCount "88"]
[EventDate "2019.04.04"]
[EventType "swiss"]
[EventRounds "6"]
[EventCountry "ENG"]
[SourceTitle "CBM 190 Extra"]
[Source "ChessBase"]
[SourceDate "2019.07.15"]
[SourceVersion "1"]
[SourceVersionDate "2019.07.15"]
[SourceQuality "1"]

1. e4 c5 2. Nf3 Nc6 3. d4 cxd4 4. Nxd4 g6 5. Bc4 Bg7 6. Be3 Nf6 7. Nd2 0-0 8. 0-0 d6 9. f3 Ng4 10. fxg4 Nxd4 11. c3 Nc6 12. h3 Ne5 13. Bb3 Qc7 14. Bd4 Be6 15. Nf3 Bc4 16. Rf2 Bxb3 17. axb3 Nc6 18. Be3 a6 19. Qd2 Rad8 20. Raf1 e6 21. Ng5 Rd7 22. Rd1 d5 23. exd5 Rxd5 24. Qe2 Qd7 25. Rdf1 f5 26. gxf5 exf5 27. Bf4 h6 28. Nf3 Re8 29. Qc2 g5 30. Bc1 f4 31. Rd2 Rxd2 32. Bxd2 Ne5 33. Nd4 Nf7 34. Qg6 Ne5 35. Qf5 Qxf5 36. Nxf5 Nd3 37. Rf3 Nxb2 38. Kf2 Bf8 39. c4 Bc5+ 40. Kf1 Nd1 41. Nxh6+ Kh7 42. Ng4 Kg6 43. Rd3 Nb2 44. Rd7 Re7 1/2-1/2